000 00355nam a2200157Ia 4500
008 230524s9999 xx 000 0 und d
082 _a5.133
_bCOR
100 _aGary Cornell
245 0 _aVisual Basic 6
250 _a1ST
260 _aNEW DELHI
_bTMH
_c2005
300 _aXIX;905
500 _aQuantity Number: 2
650 _aComp-Sc
942 _cBK
999 _c33564
_d33564